[Event "It (open)"]
[Site "masterchessopen.com – Munich (Germany)"]
[Round "0"]
[White "Tagnon Nicole (FRA)"]
[Black "Vogel Robert (GER)"]
[Result "0-1"]
[WhiteElo "1934"]
[BlackElo "2256"]

1.e4 c5 2.Nf3 Nc6 3.d4 cxd4 4.Nxd4 Nf6 5.Nc3 d6 6.Bg5 e6 7.Qd2 Be7 8.O-O-O O-O
9.f4 h6 10.Bh4 Bd7 11.Nf3 Qa5 12.e5 dxe5 13.Bxf6 Bxf6 14.Qxd7 exf4 15.Qd2 Nb4
16.Qf2 Rac8 17.Bd3 Rxc3 18.bxc3 Bxc3 19.Rd2 Nxa2+ 20.Kd1 Nc1 21.Ke1 Qa1 {#R}
0-1

[Event "Ch Russia (1/2 final)"]
[Site "masterchessopen.com – Orel (Russia)"]
[Round "0"]
[White "Nevostrujev Vladimir (RUS)"]
[Black "Mukhametov Eldar (RUS)"]
[Result "1-0"]
[WhiteElo "2450"]
[BlackElo "2405"]

1.e4 c5 2.Nf3 d6 3.d4 cxd4 4.Nxd4 Nf6 5.Nc3 Nc6 6.Bg5 e6 7.f4 Be7 8.Qd2 O-O
9.O-O-O e5 10.Nf5 Bxf5 11.exf5 Rc8 12.Kb1 exf4 13.Bxf4 Qd7 14.g4 Nxg4 15.Rg1
Nge5 16.Bh6 g6 17.Bh3 Qd8 18.fxg6 hxg6 19.Bxc8 Qxc8 20.Nd5 Rd8 21.Qf4 Qh3
22.Nxe7+ Nxe7 23.Bg5 Qe6 24.Bf6 Kf8 {#r} 1-0

[Event "It \"]
[Site "masterchessopen.com – Philadelphia (USA)"]
[Round "0"]
[White "Rowley Robert (USA)"]
[Black "Gurevich Dmitry (USA)"]
[Result "1-0"]
[WhiteElo "2380"]
[BlackElo "2490"]

1.e4 c5 2.Nf3 d6 3.d4 cxd4 4.Nxd4 Nf6 5.Nc3 Nc6 6.Bg5 e6 7.Qd2 Be7 8.O-O-O O-O
9.f4 h6 10.Bh4 Bd7 11.Nf3 Qa5 12.Bc4 b5 13.Nxb5 Qa4 14.Bxf6 Bxf6 15.Nxd6 Na5
16.Qd3 Rfc8 17.Bb3 Nxb3+ 18.axb3 Qa1+ 19.Kd2 Qxb2 20.e5 Bd8 21.Ra1 Rc6 22.Nc4
Rxc4 23.Qxc4 Rc8 24.Rhb1 Rxc4 25.Rxb2 Rxf4 26.Rxa7 Bc6 27.Ra6 Bb7 28.Rd6 Ba5+
29.Ke3 Re4+ 30.Kf2 Bc3 31.Ra2 g5 32.Ra7 Bd5 33.Rd8+ Kg7 34.Rc8 Bb2 35.Ra2 Bxe5
36.Nxe5 Rxe5 37.c4 Be4 38.b4 f5 {#r} 1-0

[Event "Tournament (team)"]
[Site "masterchessopen.com – Pula (Croatia)"]
[Round "1"]
[White "Bukal Vladimir (CRO)"]
[Black "Mabic Goran (CRO)"]
[Result "1-0"]
[WhiteElo "2403"]
[BlackElo "2096"]

1.e4 c5 2.Nf3 Nc6 3.d4 cxd4 4.Nxd4 Nf6 5.Nc3 d6 6.Bg5 e6 7.Qd2 Be7 8.O-O-O O-O
9.f4 h6 10.Bh4 Bd7 11.Ndb5 Nxe4 12.Nxe4 Bxh4 13.Nbxd6 Bc8 14.g4 Be7 15.g5 hxg5
16.fxg5 Bxd6 17.Nxd6 Qa5 18.c3 Ne5 19.Nc4 Nxc4 20.Bxc4 b5 21.Bb3 Bb7 22.Rhf1
Be4 23.Qf4 Bf5 24.h4 Rac8 25.Qe5 Qb6 26.h5 Qc5 27.Rd5 exd5 28.h6 {#r} 1-0

[Event "Ch St. Petersburg (open)"]
[Site "masterchessopen.com – St. Petersburg (Russia)"]
[Round "0"]
[White "Yuneev Alexey (RUS)"]
[Black "Kiselev M (RUS)"]
[Result "1-0"]
[WhiteElo "2425"]
[BlackElo "2318"]

1.e4 c5 2.Nf3 Nc6 3.Nc3 d6 4.d4 cxd4 5.Nxd4 Nf6 6.Bg5 e6 7.Qd2 Be7 8.O-O-O O-O
9.f4 h6 10.Bh4 Nxe4 11.Bxe7 Nxd2 12.Bxd8 Nxf1 13.Nxc6 bxc6 14.Be7 Re8 15.Rhxf1
Rxe7 16.Rxd6 Bd7 17.Ne4 Be8 18.Nc5 Rb8 19.c4 Kf8 20.Re1 a5 21.b3 Ra7 22.h4 Ke7
23.Rdd1 a4 24.Nxa4 c5 25.Nc3 Rc8 26.Rd2 Bc6 27.Re3 Kf6 28.Re5 Ba8 29.Na4 Rac7
30.Nb6 Rg8 31.Nd7+ Ke7 32.Nxc5 f6 33.Rxe6+ Kf7 34.Na6 Rxc4+ 35.bxc4 Kxe6
36.Nc7+ Kf5 37.Nxa8 Rxa8 38.c5 Kxf4 39.c6 g5 40.c7 Rc8 41.Rc2 Kg3 42.h5 f5
43.Kd1 f4 44.Ke1 g4 45.Kf1 Kh4 46.Rc5 Kg3 47.Rc3+ Kh2 48.Rc4 Kh1 49.a4 f3
50.gxf3 {#r} 1-0

[Event "Ch Poland (w)"]
[Site "masterchessopen.com – Swieradow (Poland)"]
[Round "3"]
[White "Bednarska Malgorzata (POL)"]
[Black "Sadkiewicz Joanna (GER)"]
[Result "1-0"]
[WhiteElo "2137"]
[BlackElo "2121"]

1.e4 c5 2.Nf3 d6 3.d4 cxd4 4.Nxd4 Nf6 5.Nc3 Nc6 6.Bg5 e6 7.Qd2 Be7 8.O-O-O O-O
9.f4 h6 10.Bxf6 Bxf6 11.Nxc6 bxc6 12.Qxd6 Qb6 13.e5 Rd8 14.Qa3 Qe3+ 15.Kb1
Rxd1+ 16.Nxd1 Qxa3 17.bxa3 Be7 18.Kc1 Bxa3+ 19.Kd2 Bb4+ 20.c3 Bc5 21.Bd3 Rb8
22.Re1 Bd7 23.Re2 Kf8 24.Ke1 Ke7 25.Nb2 Bc8 26.g3 f5 27.exf6+ gxf6 28.Bc4 Ba3
29.Nd3 Rb1+ 30.Kf2 Rd1 31.Nb4 Rd6 32.Kg2 c5 33.Nd5+ Kf7 34.Nc7 Bb7+ 35.Kh3 Bd5
36.Bxd5 exd5 37.Rd2 d4 38.Nb5 dxc3 39.Nxd6+ Ke6 40.Rc2 Kxd6 41.Rxc3 Bb4
42.Rd3+ Ke6 43.Kg4 Ba5 44.Kh5 c4 45.Rd4 c3 46.Kxh6 Bb6 47.Rd1 Kf5 48.Rd3 {#r}
1-0

[Event "Bundesliga (2nd) North 1992/93"]
[Site "masterchessopen.com – Germany"]
[Round "0"]
[White "Penzold Andreas (GER)"]
[Black "Vogel Robert (GER)"]
[Result "1-0"]
[WhiteElo "2355"]
[BlackElo "2256"]

1.e4 c5 2.Nf3 Nc6 3.d4 cxd4 4.Nxd4 Nf6 5.Nc3 d6 6.Bg5 e6 7.Qd2 Be7 8.O-O-O O-O
9.f4 a6 10.Nf3 Qc7 11.Qe1 b5 12.Bd3 Bb7 13.e5 dxe5 14.fxe5 Nd5 15.Bxh7+ Kxh7
16.Qh4+ Kg8 17.Nxd5 exd5 18.Bxe7 Nxe7 19.Ng5 Rfe8 20.Qh7+ Kf8 21.Rhf1 Ng8
22.Rxf7+ Qxf7 23.Nxf7 Kxf7 24.Rf1+ {#r} 1-0

[Event "It (open)"]
[Site "masterchessopen.com – Philadelphia (USA)"]
[Round "5"]
[White "Shaked Tal (USA)"]
[Black "Fishbein Alexander (USA)"]
[Result "1-0"]
[WhiteElo "2468"]
[BlackElo "2498"]

1.e4 c5 2.Nf3 Nc6 3.d4 cxd4 4.Nxd4 Nf6 5.Nc3 d6 6.Bg5 e6 7.Qd2 Be7 8.O-O-O O-O
9.f4 h6 10.h4 a6 11.Be2 Qb6 12.Nb3 a5 13.Qd3 a4 14.Nd2 d5 15.e5 a3 16.b3 Nd7
17.Bxe7 Nxe7 18.g4 Qb4 19.Qf3 f6 20.exf6 Rxf6 21.Rdf1 Ng6 22.f5 Nf4 23.Ndb1
Nxe2+ 24.Qxe2 Qd6 25.Nb5 Qb6 26.g5 hxg5 27.hxg5 Rxf5 28.Nc7 Ra5 29.Nxe6 Rxf1+
30.Rxf1 Qa6 31.Qe1 Qb6 32.Nxg7 Qg6 33.Qxa5 Qxg5+ 34.Qd2 Qxd2+ 35.Kxd2 Kxg7
36.Nxa3 Nf6 37.Nb5 b6 38.Nd4 Kf7 39.Ke3 Ke7 40.Kf4 Kd6 41.b4 Ne4 42.Rh1 Bd7
43.Rh6+ Kc7 44.Ke5 Nc3 45.a3 {#r} 1-0

[Event "Ch Pan-American (juniors)"]
[Site "masterchessopen.com – Rancagua"]
[Round "1"]
[White "Langier Daniel (ARG)"]
[Black "Rojas Luis (CHI)"]
[Result "0-1"]
[WhiteElo "2395"]
[BlackElo "2408"]

1.e4 c5 2.Nf3 d6 3.d4 cxd4 4.Nxd4 Nf6 5.Nc3 Nc6 6.Bg5 e6 7.Qd2 Be7 8.O-O-O O-O
9.f4 h6 10.Bxf6 Bxf6 11.Ndb5 Qa5 12.Qxd6 a6 13.Nc7 Be7 14.Qxe7 Nxe7 15.Nxa8
Qc5 16.Be2 Qa7 17.Nc7 b6 18.Nxa6 Bxa6 19.Bxa6 Qxa6 20.Rd6 Rc8 21.Rhd1 Nc6
22.a4 Qc4 23.Kb1 Qb4 24.R1d3 Qc5 25.g3 Qg1+ 26.Nd1 Qxh2 27.Rc3 Qh1 28.e5 Ne7
29.Rxc8+ Nxc8 30.Rd8+ Kh7 31.Rxc8 Qxd1+ 32.Ka2 Qd7 33.Rc4 g5 34.fxg5 hxg5
35.Rb4 Qc7 36.c3 Qxe5 37.Rxb6 Qxg3 38.c4 Qc7 39.a5 g4 {#R} 0-1

[Event "It (open)"]
[Site "masterchessopen.com – Saint Martin (France & Netherl)"]
[Round "8"]
[White "Waitzkin Joshua (USA)"]
[Black "Piera Javier (ESP)"]
[Result "1-0"]
[WhiteElo "2464"]
[BlackElo "2129"]

1.e4 c5 2.Nf3 d6 3.d4 cxd4 4.Nxd4 Nf6 5.Nc3 Nc6 6.Bg5 e6 7.Qd2 Be7 8.O-O-O O-O
9.f4 h6 10.Bh4 e5 11.Nf5 Bxf5 12.exf5 exf4 13.Kb1 Rc8 14.Qxf4 Qa5 15.Bc4 Qe5
16.Qxe5 Nxe5 17.Bb3 Nc4 18.Rhe1 Bd8 19.Nb5 a6 20.Nxd6 Nxd6 21.Rxd6 Rc5 22.g4
Bc7 23.Rd4 Bxh2 24.Re7 Be5 25.Rd1 Nxg4 26.Rdd7 Nf6 27.Rxb7 Ne4 28.Bxf7+ Rxf7
29.Rxf7 Nd6 30.Rbc7 Rd5 31.c4 Nxf7 32.Rc8+ {#r} 1-0

[Event "Ch Slovenia (juniors)"]
[Site "masterchessopen.com – Slovenia"]
[Round "0"]
[White "Pirs Matjaz (SLO)"]
[Black "Sebenik Matej (SLO)"]
[Result "1-0"]
[WhiteElo "2202"]
[BlackElo "2529"]

1.e4 c5 2.Nf3 e6 3.d4 cxd4 4.Nxd4 Nf6 5.Nc3 d6 6.Bg5 Be7 7.Qd2 Nc6 8.O-O-O O-O
9.f4 Qc7 10.Be2 a6 11.Bf3 Nxd4 12.Qxd4 e5 13.Qd2 Rd8 14.Bxf6 Bxf6 15.Nd5 Qc6
16.fxe5 Bh4 17.g3 dxe5 18.gxh4 {#r} 1-0

[Event "It (open)"]
[Site "masterchessopen.com – Balatonbereny (Hungary)"]
[Round "1"]
[White "Videki Sandor (HUN)"]
[Black "Hoelscher Thorsten (GER)"]
[Result "1-0"]
[WhiteElo "2435"]
[BlackElo "2138"]

1.e4 c5 2.Nf3 d6 3.d4 cxd4 4.Nxd4 Nf6 5.Nc3 Nc6 6.Bg5 e6 7.Qd2 Be7 8.O-O-O O-O
9.f4 h6 10.Bh4 e5 11.Nf5 Bxf5 12.exf5 exf4 13.Kb1 d5 14.Bxf6 Bxf6 15.Nxd5 Be5
16.Bc4 b5 17.Bb3 a5 18.a3 Kh8 19.g3 f3 20.Qf2 Qb8 21.Ba2 Rc8 22.f6 b4 23.a4
gxf6 24.Qxf3 Nd4 25.Qh5 Kg7 26.Rxd4 {#r} 1-0

[Event "It (open)"]
[Site "masterchessopen.com – Chicago (USA)"]
[Round "1"]
[White "Shabalov Alexander (USA)"]
[Black "O'Donnell Robert (USA)"]
[Result "1-0"]
[WhiteElo "2600"]
[BlackElo "2074"]

1.e4 c5 2.Nf3 Nc6 3.d4 cxd4 4.Nxd4 Nf6 5.Nc3 d6 6.Bg5 e6 7.Qd2 Be7 8.O-O-O O-O
9.f4 h6 10.h4 Nxd4 11.Qxd4 Qa5 12.Be2 e5 13.Qg1 Be6 14.f5 Bxa2 15.Bxf6 gxf6
16.Rh3 Rac8 17.Nxa2 d5 18.Kb1 Rxc2 19.Kxc2 Qxa2 20.Ra1 Rc8+ 21.Rc3 Rxc3+
22.Kxc3 Bb4+ 23.Kc2 {#r} 1-0

[Event "Ch Australia"]
[Site "masterchessopen.com – Melbourne (Australia)"]
[Round "4"]
[White "Sandler Leonid (AUS)"]
[Black "Goldenberg Igor (AUS)"]
[Result "1-0"]
[WhiteElo "2315"]
[BlackElo "2385"]

1.e4 c5 2.Nf3 d6 3.d4 cxd4 4.Nxd4 Nf6 5.Nc3 Nc6 6.Bg5 e6 7.Qd2 Be7 8.O-O-O O-O
9.f4 h6 10.h4 Nxd4 11.Qxd4 hxg5 12.hxg5 Ng4 13.Qg1 e5 14.Be2 exf4 15.Bxg4 Bxg5
16.Bxc8 Rxc8 17.Rd3 Bh6 18.Kb1 Rc5 19.g3 Qg5 20.Qe1 f5 21.gxf4 Qxf4 22.Rf1 Qe5
23.Qd1 fxe4 24.Rxf8+ Kxf8 25.Rxd6 Kg8 26.Rd4 e3 27.Re4 Qf5 28.Qd8+ Kh7 29.Qd3
Qg6 30.a3 Rc6 31.Qd5 b6 32.Qe5 Qf6 33.Qd5 Rd6 34.Qc4 Rd8 35.Ka2 Rd7 36.Nd5 Qf7
37.Re5 Rd8 38.b3 Kh8 39.Qe4 e2 40.Ne7 Qf6 41.Qxe2 Qd6 42.Qe4 Qd4 43.Qf5 Qc3
44.Re6 Qd2 45.Nc6 Ra8 46.Ne5 Kg8 47.Qf7+ Kh7 48.Qg6+ Kg8 49.Ng4 Rc8 50.Re8+
Rxe8 {#r} 1-0

[Event "It (open)"]
[Site "masterchessopen.com – New York (USA)"]
[Round "0"]
[White "Gruenfeld Yehuda (ISR)"]
[Black "Fishbein Alexander (USA)"]
[Result "1-0"]
[WhiteElo "2550"]
[BlackElo "2525"]

1.e4 c5 2.Nf3 d6 3.d4 cxd4 4.Nxd4 Nf6 5.Nc3 Nc6 6.Bg5 e6 7.Qd2 Be7 8.O-O-O O-O
9.f4 h6 10.Bh4 Qb6 11.Bf2 Qc7 12.Be2 Rd8 13.Bf3 a6 14.Kb1 d5 15.e5 Nd7 16.Nce2
Nb6 17.b3 Bd7 18.h4 Rac8 19.g4 Nxd4 20.Bxd4 Bb5 21.g5 Bxe2 22.Qxe2 Bc5 23.Bb2
d4 24.gxh6 gxh6 25.Be4 Kf8 26.Qh5 Nd5 27.Qxh6+ Ke8 28.Rhg1 Bf8 29.Rg8 Qc5
30.Rxd4 Ne3 31.Rd6 Ke7 32.Qf6+ Ke8 33.Rxe6+ Kd7 34.Qxf7+ {#r} 1-0

[Event "It (open)"]
[Site "masterchessopen.com – Ruggell"]
[Round "3"]
[White "Dutreeuw Marc (BEL)"]
[Black "Wirthensohn Heinz (SUI)"]
[Result "0-1"]
[WhiteElo "2410"]
[BlackElo "2420"]

1.e4 c5 2.Nf3 Nc6 3.d4 cxd4 4.Nxd4 Nf6 5.Nc3 d6 6.Bg5 e6 7.Qd2 Be7 8.O-O-O O-O
9.f4 h6 10.Bh4 e5 11.Nf5 Bxf5 12.exf5 exf4 13.Kb1 d5 14.Bxf6 Bxf6 15.Nxd5 Be5
16.Bc4 b5 17.Be2 Ne7 18.Nb4 Qb6 19.Qd7 Qf6 20.c3 a5 21.Nd3 b4 22.Qb5 Bd6 23.c4
Nxf5 24.c5 Bc7 25.Bf3 Rab8 26.Qd7 Rbc8 27.Nf2 Ne3 28.Rd3 Rfd8 29.Qb5 Rxd3
30.Qxd3 Rd8 31.Qe2 Rd4 32.Rc1 Qf5+ 33.Ka1 a4 34.Ng4 a3 35.Nxe3 fxe3 36.g4 Qf6
37.Rc2 Rf4 38.Bg2 Rf2 39.Qxe3 Rxc2 {#R} 0-1

[Event "It (open)"]
[Site "masterchessopen.com – Siegen (Germany)"]
[Round "3"]
[White "Emunds Hans Georg (GER)"]
[Black "Donner Bernd (GER)"]
[Result "0-1"]
[WhiteElo "2230"]
[BlackElo "2251"]

1.e4 c5 2.Nf3 Nc6 3.d4 cxd4 4.Nxd4 Nf6 5.Nc3 d6 6.Bg5 e6 7.Qd2 Be7 8.O-O-O O-O
9.f4 h6 10.Bh4 e5 11.Nf5 Bxf5 12.exf5 exf4 13.Bc4 Ng4 14.Bxe7 Qxe7 15.Nd5 Qe5
16.Rde1 Qxf5 17.Bd3 Qg5 18.h4 Qd8 19.Qxf4 Nge5 20.Re3 Nxd3+ 21.Rxd3 Ne5 22.Rg3
Kh8 23.Kb1 Rc8 24.Ne3 Rc5 25.Rf1 Rg8 26.h5 Qe7 27.Qd4 Qe6 28.b3 Nc6 29.Qf4 Ne5
30.Nf5 Rc7 31.Qd4 d5 32.Re3 f6 33.Qf4 Rgc8 34.Rf2 Rc3 35.Nxh6 Rxe3 36.Qxe3 d4
37.Qf4 d3 38.Nf5 Rxc2 39.Rxc2 dxc2+ 40.Kxc2 Qc6+ 41.Kb1 Qxg2 {#R} 0-1

[Event "It (open)"]
[Site "masterchessopen.com – Werfen (Austria)"]
[Round "0"]
[White "Zontakh Andrey (UKR)"]
[Black "Ragozin Evgeni (RUS)"]
[Result "1-0"]
[WhiteElo "2440"]
[BlackElo "2510"]

1.e4 c5 2.Nf3 Nc6 3.d4 cxd4 4.Nxd4 Nf6 5.Nc3 d6 6.Bg5 e6 7.Qd2 Be7 8.O-O-O O-O
9.f4 h6 10.h4 Nxd4 11.Qxd4 hxg5 12.hxg5 Ng4 13.Be2 e5 14.Qg1 exf4 15.Bxg4 Bxg5
16.Bxc8 Rxc8 17.Rd3 Re8 18.Kb1 Bh6 19.g3 Qg5 20.Qf2 Qc5 21.Qg2 Qg5 22.Qh3 f3
23.Rxf3 Rc5 24.Rd1 b5 25.Qd7 Qe7 26.Qxe7 Rxe7 27.b4 Rc4 28.a3 a5 29.Nxb5 axb4
30.Nxd6 Rc3 31.Rxc3 bxc3 32.Rd3 Re6 33.a4 g6 34.a5 Re5 35.Rd5 Re7 36.Ka2 Be3
37.Kb3 Bf2 38.g4 Ra7 39.Kb4 Ra8 40.Nb7 Ra7 41.Rb5 Kf8 42.Kxc3 Ke7 43.Kc4 Ke6
44.Nc5+ Kd6 45.Rb6+ Kc7 46.Kb5 Bd4 47.a6 Bg1 48.c4 {#r} 1-0

[Event "n) (b"]
[Site "masterchessopen.com – Balatonbereny (Hungary)"]
[Round "6"]
[White "Videki Sandor (HUN)"]
[Black "Oberst Thomas (GER)"]
[Result "1-0"]
[WhiteElo "2470"]
[BlackElo "2297"]

1.e4 c5 2.Nf3 Nc6 3.d4 cxd4 4.Nxd4 Nf6 5.Nc3 d6 6.Bg5 e6 7.Qd2 Be7 8.O-O-O O-O
9.f4 a6 10.Kb1 Bd7 11.Nf3 Be8 12.Bxf6 Bxf6 13.Qxd6 Qb6 14.Qd2 Rd8 15.Bd3 Na5
16.e5 Be7 17.Qe2 Ba3 18.b3 h6 19.g4 Bc6 20.Ne4 Bd5 21.g5 hxg5 22.fxg5 g6 23.h4
Bxe4 24.Qxe4 Qc5 25.c4 b5 26.h5 bxc4 27.hxg6 cxd3 28.Rh8+ Kg7 29.Rh7+ Kg8
30.gxf7+ {#r} 1-0

[Event "It \"]
[Site "masterchessopen.com – Belgrade (Yugoslavia)"]
[Round "8"]
[White "Leko Peter (HUN)"]
[Black "Kramnik Vladimir (RUS)"]
[Result "1-0"]
[WhiteElo "2605"]
[BlackElo "2730"]

1.e4 c5 2.Nf3 Nc6 3.d4 cxd4 4.Nxd4 Nf6 5.Nc3 d6 6.Bg5 e6 7.Qd2 Be7 8.O-O-O O-O
9.f4 h6 10.Bh4 Qb6 11.Nxc6 { !? a novelty } ( 11.Bf2 Qc7 12.Ndb5 { ! }
12...Qa5 13.a3 e5 14.Qe1 Bg4 15.fxe5 dxe5 16.Be2 Bxe2 17.Qxe2 { ? Ivanov A. -
Gurevich D., Modesto 1995 } ) 11...bxc6 12.e5 dxe5 13.fxe5 Ne4 14.Nxe4 Bxh4
15.Qf4 Be7 16.Bd3 Rb8 17.b3 Qc7 ( 17...Ba6 18.Nf6+ { ! } 18...Kh8 19.Qe4 Bxd3
20.Rxd3 gxf6 21.Qf4 { +?? } ) 18.Kb1 { ! } 18...c5 19.Nf6+ Kh8 { ? } (
19...Bxf6 20.Qe4 Rd8 21.exf6 gxf6 22.Qh7+ Kf8 23.Qxh6+ Ke7 24.Rhf1 Qe5 25.Rde1
Qc3 26.Qf4 { ? } ) 20.Qe4 g6 21.h4 Bb7 22.Qf4 Kg7 23.Ng4 Rh8 ( 23...g5 24.hxg5
hxg5 25.Qf6+ { ! } 25...Bxf6 26.Rh7+ Kg8 27.Nxf6# ) 24.Rdf1 { ± } 24...Rbf8
25.Nf6 Qd8 26.Qg3 h5 27.Qg5 Rh7 28.Rf4 Kh8 29.Rhf1 Bxf6 30.Rxf6 Rg8 31.g3 Qe7
32.Qf4 Rgg7 33.Rf2 Bd5 34.Kb2 Bc6 35.Bc4 Bb7 36.Rd2 Rg8 37.Rd6 Qe8 38.Qf2 Be4
39.Qxc5 { +?? } 39...Qe7 40.Qd4 Bf5 41.Rd7 Qe8 42.Qxa7 Rf8 43.a4 Kg8 44.a5 Qc8
45.a6 Qc6 46.Qc7 Qg2 47.Bxe6 Bxe6 48.Rxe6 1-0

[Event "It (open)"]
[Site "masterchessopen.com – Bern (Switzerland)"]
[Round "3"]
[White "Ziatdinov Raset (USA)"]
[Black "Gurevich Dmitry (USA)"]
[Result "0-1"]
[WhiteElo "2475"]
[BlackElo "2525"]

1.e4 c5 2.Nf3 d6 3.d4 cxd4 4.Nxd4 Nf6 5.Nc3 Nc6 6.Bg5 e6 7.Qd2 Be7 8.O-O-O O-O
9.f4 h6 10.Bh4 Qb6 11.Bf2 Qc7 12.Be2 e5 13.Nf5 Bxf5 14.exf5 d5 15.fxe5 Qxe5
16.Bg3 Qxf5 17.Nxd5 Ne4 18.Nxe7+ Nxe7 19.Qd7 Qg5+ 20.Kb1 Nf5 21.Bc7 Ne3
22.Rde1 Rac8 23.Bf3 Rxc7 24.Qxc7 Nd2+ 25.Kc1 Nec4 26.Rd1 Nb3+ {#R} 0-1

[Event "It (open)"]
[Site "masterchessopen.com – Brussels (Belgium)"]
[Round "0"]
[White "Dutreeuw Marc (BEL)"]
[Black "Lacroix Bruno (BEL)"]
[Result "1-0"]
[WhiteElo "2370"]
[BlackElo "2196"]

1.e4 c5 2.Nf3 d6 3.d4 cxd4 4.Nxd4 Nf6 5.Nc3 Nc6 6.Bg5 e6 7.Qd2 Be7 8.O-O-O O-O
9.f4 h6 10.Bh4 e5 11.Nf5 Bxf5 12.exf5 exf4 13.Qxf4 d5 14.Bb5 a6 15.Ba4 b5
16.Bb3 d4 17.Ne2 Bd6 18.Qf3 Ne5 19.Qf2 Nfg4 20.Qg3 Qb6 21.Nxd4 h5 22.h3 Nc4
23.Qf3 Nge3 24.Rd3 Bc5 25.c3 Rac8 26.Kb1 b4 27.Bf2 Rfe8 28.Re1 bxc3 29.Rexe3
Nd2+ 30.Rxd2 cxd2 31.Bxf7+ Kf8 32.Rxe8+ Rxe8 33.Bxe8 Bxd4 34.Bxd4 Qxd4 35.Bxh5
{#r} 1-0

[Event "It (open)"]
[Site "masterchessopen.com – Cappelle la Grande (France)"]
[Round "4"]
[White "Relange Eloi (FRA)"]
[Black "Gurevich Dmitry (USA)"]
[Result "0-1"]
[WhiteElo "2455"]
[BlackElo "2525"]

1.e4 c5 2.Nf3 d6 3.d4 cxd4 4.Nxd4 Nf6 5.Nc3 Nc6 6.Bg5 e6 7.Qd2 Be7 8.O-O-O O-O
9.f4 h6 10.Bxf6 Bxf6 11.Nxc6 bxc6 12.Qxd6 Qb6 13.Qd3 Rb8 14.b3 Rd8 15.Qf3 Rd4
16.Rxd4 Bxd4 17.Na4 Qb4 18.c3 Qa3+ 19.Kb1 Qxa4 20.cxd4 Qxd4 21.Be2 a5 22.Rd1
Qb6 23.Qd3 Bb7 24.Qd6 Re8 25.Bc4 a4 26.f5 axb3 27.Bxb3 Bc8 28.f6 gxf6 29.Qf4
Rd8 30.Rxd8+ Qxd8 31.Qxh6 Qd4 32.Bc2 Ba6 33.Qh3 Qb6+ 34.Kc1 Kf8 35.Qa3+ c5
36.h4 Qd6 37.h5 Kg7 38.e5 fxe5 39.Qe3 Qd4 40.Qg5+ Kf8 41.Qh6+ Ke8 42.Qh8+ Ke7
43.h6 Qa1+ 44.Kd2 c4 45.Ke2 Qc1 46.Qh7 c3+ {#R} 0-1

[Event "Extra League 1994/95"]
[Site "masterchessopen.com – Czech Republic"]
[Round "7"]
[White "Simacek Pavel (CZE)"]
[Black "Slezka Vojtech (CZE)"]
[Result "1-0"]
[WhiteElo "2210"]
[BlackElo "2325"]

1.e4 c5 2.Nf3 d6 3.d4 cxd4 4.Nxd4 Nf6 5.Nc3 Nc6 6.Bg5 e6 7.Qd2 Be7 8.O-O-O O-O
9.f4 h6 10.Bh4 e5 11.Nf5 Bxf5 12.exf5 exf4 13.Kb1 d5 14.Bxf6 Bxf6 15.Nxd5 Be5
16.g4 Ne7 17.Bg2 Nxd5 18.Bxd5 Qf6 19.c3 Rad8 20.h4 Rd6 21.Qc2 g5 22.fxg6 Qxg6
23.g5 hxg5 24.hxg5 b6 25.Be4 Rxd1+ 26.Rxd1 Qg7 27.g6 fxg6 28.Bd5+ Rf7 29.Qe4
Qf6 30.Bxf7+ Kxf7 31.Rd7+ {#r} 1-0

[Event "It (open)"]
[Site "masterchessopen.com – Gausdal (Norway)"]
[Round "5"]
[White "Berg Emanuel (SWE)"]
[Black "Thorhallsson Throstur (ISL)"]
[Result "0-1"]
[WhiteElo "2575"]
[BlackElo "2420"]

1.e4 c5 2.Nf3 d6 3.d4 cxd4 4.Nxd4 Nf6 5.Nc3 Nc6 6.Bg5 e6 7.Qd2 Be7 8.O-O-O O-O
9.f4 h6 10.Bh4 e5 11.Nf5 Bxf5 12.exf5 exf4 13.Kb1 d5 14.Bxf6 Bxf6 15.Nxd5 Be5
16.c4 Re8 17.Bd3 b5 18.f6 bxc4 19.Bxc4 Bxf6 20.Qxf4 Be5 21.Qf3 Rb8 22.Nb4 Qe7
23.Nd3 Qc7 24.b3 Bf6 25.Qf4 Qxf4 26.Nxf4 Re4 27.Bd5 Rxf4 28.Bxc6 Rf2 29.Bd5
Rb2+ 30.Kc1 Rxa2 31.h4 a5 32.Rh3 a4 33.Rd2 Rxd2 34.Kxd2 Rd8 35.Rd3 a3 36.b4
Rxd5 37.Rxd5 a2 {#R} 0-1

[Event "It (open)"]
[Site "masterchessopen.com – Gausdal (Norway)"]
[Round "8"]
[White "Sutovsky Emil (ISR)"]
[Black "Thorhallsson Throstur (ISL)"]
[Result "1-0"]
[WhiteElo "2545"]
[BlackElo "2420"]

1.e4 c5 2.Nf3 d6 3.d4 cxd4 4.Nxd4 Nf6 5.Nc3 Nc6 6.Bg5 e6 7.Qd2 Be7 8.O-O-O O-O
9.f4 h6 10.Bh4 e5 11.Nf5 Bxf5 12.exf5 exf4 13.Kb1 d5 14.Qxf4 d4 15.Bxf6 Bxf6
16.Ne4 Be5 17.Qf3 Rc8 18.a3 Na5 19.f6 Qb6 20.Bd3 Nc4 21.Bxc4 Rxc4 22.fxg7 Rfc8
23.Rhf1 R8c7 24.Rd2 R4c6 25.Ng3 Qb5 26.Nf5 Rc3 27.Nxh6+ Kxg7 28.Qg4+ Kh7
29.Rxf7+ Rxf7 30.Nxf7 Qf1+ 31.Rd1 {#r} 1-0

[Event "Bundesliga (2nd) North 1995/96"]
[Site "masterchessopen.com – Germany"]
[Round "0"]
[White "Polzin Rainer (GER)"]
[Black "Vogel Robert (GER)"]
[Result "1-0"]
[WhiteElo "2410"]
[BlackElo "2300"]

1.e4 c5 2.Nf3 Nc6 3.d4 cxd4 4.Nxd4 Nf6 5.Nc3 d6 6.Bg5 e6 7.Qd2 Be7 8.O-O-O O-O
9.f4 h6 10.Bxf6 Bxf6 11.Ndb5 Qa5 12.Nxd6 Rd8 13.Kb1 e5 14.Bc4 Bg4 15.Bxf7+ Kf8
16.Bb3 Bxd1 17.Qxd1 exf4 18.Ncb5 Nd4 19.Qh5 Rd7 20.e5 Nxb5 21.Nc4 Qd8 22.exf6
Nd4 23.Ne5 Nxb3 24.Nxd7+ Qxd7 25.axb3 Qd4 26.fxg7+ Kxg7 27.Rf1 Rf8 28.Qg4+ Kh8
29.g3 Qd2 30.gxf4 Re8 31.Qd1 Qxh2 32.Qd4+ {#r} 1-0

[Event "Oberliga North 1995/96"]
[Site "masterchessopen.com – Germany"]
[Round "0"]
[White "Joecks Christian (GER)"]
[Black "Stephan Axel (GER)"]
[Result "1-0"]
[WhiteElo "2370"]
[BlackElo "2194"]

1.e4 c5 2.Nf3 Nc6 3.d4 cxd4 4.Nxd4 Nf6 5.Nc3 d6 6.Bg5 e6 7.Qd2 Be7 8.O-O-O O-O
9.f4 h6 10.Bh4 e5 11.Nf5 Bxf5 12.exf5 exf4 13.Kb1 d5 14.Bxf6 Bxf6 15.Nxd5 Be5
16.Bc4 b5 17.Bb3 a5 18.a3 a4 19.Ba2 b4 20.Nxb4 Qxd2 21.Rxd2 Nxb4 22.axb4 a3
23.c3 axb2 24.Kxb2 Ra4 25.Re1 Bf6 26.Re4 Rb8 27.Rxf4 Bg5 28.Rfd4 Bxd2 29.Rxd2
Ra7 30.Bd5 Ra6 31.Kb3 Rab6 32.Ra2 Kf8 33.Ra7 Rf6 34.g4 h5 35.h3 hxg4 36.hxg4
Kg8 37.c4 Rf8 38.b5 g6 39.Ra6 Kg7 40.c5 gxf5 41.g5 Rg6 42.Rxg6+ {#r} 1-0

[Event "It (open)"]
[Site "masterchessopen.com – Hamburg (Germany)"]
[Round "1"]
[White "Kindermann Stefan (AUT)"]
[Black "Stabolewski Andreas (GER)"]
[Result "1-0"]
[WhiteElo "2519"]
[BlackElo "2267"]

1.e4 c5 2.Nf3 Nc6 3.d4 cxd4 4.Nxd4 Nf6 5.Nc3 d6 6.Bg5 e6 7.Qd2 Be7 8.O-O-O O-O
9.f4 h6 10.Bh4 e5 11.Nf5 Bxf5 12.exf5 exf4 13.Kb1 d5 14.Bxf6 Bxf6 15.Nxd5 Be5
16.Bc4 Na5 17.Be2 Re8 18.Rhe1 Nc6 19.Bf3 Qd6 20.c3 Rad8 21.Qf2 Bf6 22.Ne7+
Qxe7 23.Rxe7 Rxd1+ 24.Bxd1 Rxe7 25.Qxf4 Re1 26.Kc2 Bg5 27.Qc7 Rf1 28.Qxb7 Rf2+
29.Kb1 Ne7 30.Bf3 Kh7 31.Be4 {#r} 1-0

[Event "It (open)"]
[Site "masterchessopen.com – Helsinki (Finland)"]
[Round "0"]
[White "Hartikainen Markku (FIN)"]
[Black "Aaltio Erkki (FIN)"]
[Result "1-0"]
[WhiteElo "2270"]
[BlackElo "2133"]

1.e4 c5 2.Nf3 d6 3.d4 cxd4 4.Nxd4 Nf6 5.Nc3 Nc6 6.Bg5 e6 7.Qd2 Be7 8.O-O-O O-O
9.f4 Bd7 10.Bc4 Rc8 11.Bb3 Ne8 12.Bxe7 Qxe7 13.Ndb5 Rd8 14.Nxd6 Bc8 15.Nxc8
Qc7 16.Qe3 Rxc8 17.e5 Na5 18.Qxa7 Nxb3+ 19.axb3 Qc6 20.Rd2 Nc7 21.Qa4 b5
22.Qe4 Qa6 23.Rhd1 Nd5 24.Nb1 b4 25.f5 Nc3 26.bxc3 bxc3 27.Nxc3 Rxc3 28.Kb2
exf5 29.Qxf5 Rcc8 30.Rd6 Qa5 31.Qe4 Ra8 32.Qd4 Rfc8 33.c4 g6 34.e6 Qa3+ 35.Kc2
{#r} 1-0